|
|
|
|
| LEADER |
00000nab a2200000 ar4500 |
| 001 |
vtls008774628 |
| 003 |
SK-MaSNL |
| 005 |
20260303062544.0 |
| 008 |
060620c2006 xo mr|p|||||||000 b|slo |
| 015 |
|
|
|a SNBRB2006/06
|2 snkbucl
|
| 038 |
|
|
|a SNKBUCL
|
| 040 |
|
|
|a SNKBUCL
|b slo
|c SNKBUCL
|e AACR2
|
| 041 |
0 |
|
|a slo
|
| 044 |
|
|
|a xo
|c SK
|
| 080 |
|
|
|a 655.55
|x (437.6)
|2 1997
|
| 080 |
|
|
|a 655.41
|x (437.6)
|2 1997
|
| 245 |
0 |
0 |
|a Kolekcia Najkrajšie knihy Slovenska 2005
|
| 611 |
2 |
7 |
|a Najkrajšie knihy Slovenska 2005
|2 snkbucl
|9 1058484
|
| 773 |
0 |
|
|t Knižná revue
|g Roč. XVI., č. 10 (2006), s. 2
|x 1210-1982
|
| 852 |
|
|
|a SNK
|b KIS3GCP
|
| 958 |
|
|
|a KL
|
| 999 |
|
|
|c 1739655
|d 1741585
|